Statistics for Groups of 5 - Kids

Click here to take the quiz!

General Stats

  • This quiz has been taken 132 times
    (131 since last reset)
  • The average score is 43 of 50

Answer Stats

HintAnswer% Correct
SensesHear
99%
VowelsA
98%
VowelsO
98%
VowelsU
98%
VowelsE
97%
VowelsI
97%
Five Questions Beginning with WWhat
97%
SensesSmell
96%
Months that Contain the Letter "U"January
95%
Months that Contain the Letter "U"July
95%
Months that Contain the Letter "U"June
95%
Scooby Doo Main CharactersScooby Doo
95%
This Little PiggyStayed Home
95%
SensesTouch
95%
This Little PiggyWent Wee, Wee, Wee, All the Way Home!
95%
Five Questions Beginning with WWho
95%
Five Questions Beginning with WWhy
95%
Months that Contain the Letter "U"August
94%
The Main Simpsons Family MembersBart
94%
Months that Contain the Letter "U"February
94%
The Main Simpsons Family MembersHomer
94%
Five Questions Beginning with WWhen
94%
SensesSight
93%
SensesTaste
93%
Five FingersThumb
93%
Five Questions Beginning with WWhere
93%
The Main Simpsons Family MembersMarge
92%
The Main Simpsons Family MembersLisa
91%
Five FingersMiddle
91%
Five FingersIndex
90%
Five FingersPinky
90%
Major Organs of the Human BodyHeart
88%
Five FingersRing
88%
The Main Simpsons Family MembersMaggie
83%
Major Organs of the Human BodyLungs
82%
Sports on Wii SportsTennis
81%
This Little PiggyWent to Market
81%
Scooby Doo Main CharactersShaggy
79%
Major Organs of the Human BodyLiver
78%
Major Organs of the Human BodyBrain
75%
Scooby Doo Main CharactersFred
74%
Scooby Doo Main CharactersVelma
74%
Major Organs of the Human BodyKidneys
71%
Scooby Doo Main CharactersDaphne
70%
Sports on Wii SportsBowling
67%
Sports on Wii SportsBaseball
61%
This Little PiggyHad Roast Beef
58%
Sports on Wii SportsGolf
57%
This Little PiggyHad None
55%
Sports on Wii SportsBoxing
49%

Score Distribution

Percentile by Number Answered

Percent of People with Each Score

Your Score History

You have not taken this quiz since the last reset